000 00813nam a2200253Ia 4500
003 OSt
005 20220926005416.0
006 a|||||r|||| 00| 0
007 ta
008 220923b |||||||| |||| 00| 0 eng d
020 _a9789383166169
_c975.00
037 _bIN3447, 12/02/2018, R K Books
_cGeneral Book
040 _aRTL
_cRTL
_beng
041 _2eng
_aeng
082 _aY49(J481).2, Q7
100 _aBHATTACHARYA Bhaswati
_9310225
245 0 _aMuch ado over coffee
_b Indian coffee house then and now
260 _a New Delhi
_bSocial Science Press
_c2017
300 _axxii,399p
_ccm.
500 _aBibliography: P 165-194
650 _aSociology
942 _hY49(J481).2, Q7
_cGB
_2CC
999 _c613726
_d613726